Treaty Establishing a Constitution for Europe (Record no. 3479)

MARC details
000 -LEADER
fixed length control field 00309nam a22001217a 4500
008 - FIXED-LENGTH DATA ELEMENTS--GENERAL INFORMATION
fixed length control field 230703b xxu||||| |||| 00| 0 eng d
020 ## - INTERNATIONAL STANDARD BOOK NUMBER
International Standard Book Number 9282431002
082 ## - DEWEY DECIMAL CLASSIFICATION NUMBER
Classification number 342.2
Item number EUR 2005
245 ## - TITLE STATEMENT
Title Treaty Establishing a Constitution for Europe
260 ## - PUBLICATION, DISTRIBUTION, ETC. (IMPRINT)
Name of publisher, distributor, etc. European Union
Date of publication, distribution, etc. 2005
300 ## - PHYSICAL DESCRIPTION
Extent 479p
942 ## - ADDED ENTRY ELEMENTS (KOHA)
Source of classification or shelving scheme Dewey Decimal Classification
Koha item type Books
Holdings
Withdrawn status Lost status Source of classification or shelving scheme Damaged status Not for loan Home library Current library Date acquired Total Checkouts Full call number Barcode Date last seen Price effective from Koha item type
    Dewey Decimal Classification     County Hall Archives County Hall Archives 07/03/2023   342.2 EUR 2005 10010680 07/03/2023 07/03/2023 Books
    Dewey Decimal Classification     County Hall Archives County Hall Archives 07/03/2023   342.2 EUR 2005 10001943 07/03/2023 07/03/2023 Books
    Dewey Decimal Classification     County Hall Archives County Hall Archives 07/03/2023   342.2 EUR 2005 10010741 07/03/2023 07/03/2023 Books
    Dewey Decimal Classification     County Hall Archives County Hall Archives 07/04/2023   342.2 EUR 10001942 07/04/2023 07/04/2023 Books
LIBRARY OPENING HOURS

When the Parliament is sitting: 8.00a.m - 7.00p.m or until the house adjourns
Mondays and Fridays and when the House is on Recess:  8.00a.m - 5.00p.m
Closed on Weekends and Public Holidays

Online Public Access Catalog (OPAC)
Website: http://www.parliament.go.ke
Bunge Library: https://libraryir.parliament.go.ke
Contact: library@parliament.go.ke | Tel no: (254-2)2221291 or 2848000 Ext 5043